Using information technology : (Record no. 16745)

000 -LEADER
fixed length control field 00631cam a22002178a 4500
020 ## - INTERNATIONAL STANDARD BOOK NUMBER
ISBN 9780073516752
020 ## - INTERNATIONAL STANDARD BOOK NUMBER
ISBN 0073516759
040 ## - CATALOGING SOURCE
Transcribing agency DLC
082 00 - DEWEY DECIMAL CLASSIFICATION NUMBER
Classification number 004 HIL 2010 A002 Or.
100 1# - MAIN ENTRY--AUTHOR NAME
Personal name Williams, Brian K.,
245 10 - TITLE STATEMENT
Title Using information technology :
Remainder of title a practical introduction to computers & communications /
250 ## - EDITION STATEMENT
Edition statement 8th ed.
260 ## - PUBLICATION, DISTRIBUTION, ETC. (IMPRINT)
Place of publication Boston :
Name of publisher McGraw Hill,
Year of publication c2010.
300 ## - PHYSICAL DESCRIPTION
Number of Pages xxiv, 563 p. :
Other physical details col. ill. ;
Dimensions 28 cm.
500 ## - GENERAL NOTE
General note Includes index.
650 #0 - SUBJECT ADDED ENTRY--TOPICAL TERM
Topical Term Computers.
650 #0 - SUBJECT ADDED ENTRY--TOPICAL TERM
Topical Term Telecommunication systems.
650 #0 - SUBJECT ADDED ENTRY--TOPICAL TERM
Topical Term Information technology.
700 1# - ADDED ENTRY--PERSONAL NAME
Personal name Sawyer, Stacey C.
942 ## - ADDED ENTRY ELEMENTS (KOHA)
Koha item type សៀវភៅភាសាអង់គ្លេស
952 ## - LOCATION AND ITEM INFORMATION (KOHA)
Withdrawn status [LOCAL, KOHA] 0
Holdings
Permanent Location Date acquired Koha item type Lost status Shelving location Barcode Current Location Full call number
Library Block A2018-04-03សៀវភៅភាសាអង់គ្លេស A002A14778Library Block A004 HIL 2010 A002 Or.
មជ្ឈមណ្ឌលឯការនៃសាកលវិទ្យាល័យភូមិន្ទកសិកម្មចំការដូង

Powered by Koha